Sistema de control de vehículos Dirección de Producción y Transporte de Energía Instituto Costarricense de Electricidad
Gespeichert in:
| 1. Verfasser: | |
|---|---|
| Format: | Buch |
| Veröffentlicht: |
San José, Costa Rica
1987
|
| Schlagworte: | |
| Tags: |
Tag hinzufügen
Keine Tags, Fügen Sie den ersten Tag hinzu!
|
MARC
| LEADER | 00000nam a2200000Ia 4500 | ||
|---|---|---|---|
| 003 | 007241 | ||
| 005 | 20221231144310.0 | ||
| 008 | 140114s1987 cr a m 000 ||s d | ||
| 040 | |c cru CEDI | ||
| 090 | |a TFG 2978 | ||
| 100 | |a Zúñiga Jiménez, José Humberto |9 11745 | ||
| 245 | |a Sistema de control de vehículos Dirección de Producción y Transporte de Energía Instituto Costarricense de Electricidad | ||
| 260 | |c 1987 |a San José, Costa Rica | ||
| 300 | |a 73, [78] hojas : ilustraciones ; 28 cm | ||
| 500 | |a Tesis (licenciatura en ingenieria industrial)--Universidad de Costa Rica. Facultad de Ingeniería. Escuela de Ingenieria Industrial | ||
| 650 | |x INSTITUTO COSTARRICENSE DE ELECTRICIDAD.. DIRECCION DE PRODUCCION Y TRANSPORTE DE ENERGIA |9 11746 | ||
| 942 | |c TFG | ||
| 999 | |c 19780 |d 19780 | ||
